2023年中华老字号数量 猜省份(困难版) - Statistics

General Stats
  • This quiz has been taken 37 times
  • The average score is 11 of 31
Answer Stats
原有数目 摘牌 拟认定 总数 省份 % Correct
117 5 22 134 北京
100%
180 17 34 197 上海
94%
91 2 32 121 浙江
74%
96 1 17 112 江苏
74%
66 3 28 91 山东
71%
57 2 18 73 广东
68%
66 4 10 72 天津
55%
48 1 9 56 四川
52%
0 0 2 2 西藏
42%
25 3 29 51 安徽
39%
34 1 16 49 福建
35%
1 0 1 2 海南
32%
1 0 1 2 青海
32%
26 0 8 34 湖北
29%
34 1 13 46 辽宁
26%
3 0 1 4 新疆
26%
2 2 3 3 宁夏
26%
27 4 14 37 山西
23%
19 1 12 30 重庆
23%
32 3 7 36 黑龙江
19%
14 0 1 15 甘肃
19%
27 0 9 36 河北
16%
22 1 15 36 河南
16%
20 0 12 32 湖南
16%
20 0 8 28 吉林
16%
9 0 10 19 广西
16%
7 1 9 15 内蒙古
16%
22 1 13 34 江西
13%
26 1 6 31 云南
13%
9 0 7 16 贵州
13%
27 1 7 33 陕西
10%
No matching quizzes found
Score Distribution
Percent of People with Each Score
Percentile by Number Answered
Your Score History
You have not taken this quiz